An analysis of rating valuation methodology for non-profit orientated leisure property (Record no. 103012)

MARC details
000 -LEADER
fixed length control field 01281cam a2200265 4500
008 - FIXED-LENGTH DATA ELEMENTS--GENERAL INFORMATION
fixed length control field 030806n2003 000 0 eng u
020 ## - INTERNATIONAL STANDARD BOOK NUMBER
International Standard Book Number 1842191659
035 ## - SYSTEM CONTROL NUMBER
System control number (Sirsi) u123206
041 ## - LANGUAGE CODE
Language code of text/sound track or separate title eng
050 ## - LIBRARY OF CONGRESS CALL NUMBER
Classification number 333.332
-- 18
100 ## - MAIN ENTRY--PERSONAL NAME
Personal name Sayce, Sarah
245 #3 - TITLE STATEMENT
Title An analysis of rating valuation methodology for non-profit orientated leisure property
Medium [electronic resource]
260 ## - PUBLICATION, DISTRIBUTION, ETC.
Place of publication, distribution, etc. London
Name of publisher, distributor, etc. RICS
Date of publication, distribution, etc. 2003
520 ## - SUMMARY, ETC.
Summary, etc. "Eastbourne and another v Allen (VO)" (RA/16-17/1999, LT116195) endorsed the use of the contractor's basis in the rating valuation of local authority leisure centres. This report debates the background to and the findings of this decision and puts it into a wider rating context. With bibliography and table of cases. View the report at www.rics.org/val.
650 ## - SUBJECT ADDED ENTRY--TOPICAL TERM
Topical term or geographic name entry element LEISURE CENTRES
650 ## - SUBJECT ADDED ENTRY--TOPICAL TERM
Topical term or geographic name entry element SPORTS CENTRES
650 ## - SUBJECT ADDED ENTRY--TOPICAL TERM
Topical term or geographic name entry element EASTBOURNE BC AND ANOTHER V ALLEN (VO)
650 ## - SUBJECT ADDED ENTRY--TOPICAL TERM
Topical term or geographic name entry element RATING VALUATION
650 ## - SUBJECT ADDED ENTRY--TOPICAL TERM
Topical term or geographic name entry element CONTRACTORS TEST
690 ## - LOCAL SUBJECT ADDED ENTRY--TOPICAL TERM (OCLC, RLIN)
Topical term or geographic name as entry element RATING AND LOCAL TAXATION
700 ## - ADDED ENTRY--PERSONAL NAME
Personal name Connellan, Owen
710 ## - ADDED ENTRY--CORPORATE NAME
Corporate name or jurisdiction name as entry element Royal Institution of Chartered Surveyors
Subordinate unit Education Trust
9 (RLIN) 47
856 ## - ELECTRONIC LOCATION AND ACCESS
Uniform Resource Identifier <a href="https://www.rics.org/Global/Downloads/AnalysisRatingValMethodNonProfitLeisure200303.pdf">https://www.rics.org/Global/Downloads/AnalysisRatingValMethodNonProfitLeisure200303.pdf</a>
Public note View the research report at www.rics.org...
942 ## - ADDED ENTRY ELEMENTS (KOHA)
Suppress in OPAC 0
Holdings
Withdrawn status Lost status Source of classification or shelving scheme Damaged status Not for loan Home library Current library Shelving location Date acquired Total Checkouts Full call number Barcode Date last seen Copy number Price effective from Koha item type
    Dewey Decimal Classification     Virtual Virtual Online 08/09/2003   ONLINE PUBLICATION 123206-2001 06/08/2019 1 06/08/2019 Book